[Event "Marseille op 5th"]
[Site "Marseille"]
[Date "2012.12.26"]
[Round "1"]
[White "Graille, Michel"]
[Black "Roman, Sylvian"]
[Result "1-0"]
[WhiteElo "1907"]
[BlackElo "1444"]
[PlyCount "105"]
[EventDate "2012.12.26"]
[EventType "swiss"]
[EventRounds "9"]
[EventCountry "FRA"]
[SourceTitle "EXT 2014"]
[Source "ChessBase"]
[SourceDate "2013.11.20"]
[SourceVersion "1"]
[SourceVersionDate "2013.11.20"]
[SourceQuality "1"]

1. d4 Nf6 2. c4 g6 3. Nc3 Bg7 4. e4 d6 5. Bg5 0-0 6. Be2 c5 7. d5 Nbd7 8. Qd2 Re8 9. Nf3 Ng4 10. 0-0 Nb6 11. h3 Ne5 12. Nxe5 Bxe5 13. Rad1 Bh8 14. Bh4 Nd7 15. f4 Nf8 16. Kh1 b6 17. Qe3 Bd7 18. e5 Qb8 19. Qf3 Bg7 20. g4 e6 21. exd6 Qxd6 22. Ne4 Qc7 23. Nf6+ Bxf6 24. Bxf6 exd5 25. cxd5 Qd6 26. Be5 Qe7 27. g5 Rab8 28. Bxb8 Qxe2 29. Be5 Bb5 30. Rde1 Qxf3+ 31. Rxf3 Bc4 32. Kh2 Bxd5 33. Rd3 Bc6 34. Red1 Ne6 35. h4 Nd4 36. Kg3 Nf5+ 37. Kf2 Nd4 38. Bxd4 cxd4 39. Rxd4 Bb5 40. Rd8 Kf8 41. Rxe8+ Kxe8 42. Rc1 Kd7 43. Ke3 a5 44. Kd4 Ba6 45. Ke5 Ke7 46. Rc7+ Kf8 47. Kf6 Ke8 48. Rxf7 Bc4 49. Re7+ Kf8 50. Rc7 Bb5 51. Rxh7 Bc4 52. Rc7 Bb5 53. Kxg6 1-0

[Event "Marseille op 4th"]
[Site "Marseille"]
[Date "2011.12.27"]
[Round "4"]
[White "Ferrari, Louis"]
[Black "Roman, Sylvian"]
[Result "1-0"]
[WhiteElo "1658"]
[BlackElo "1403"]
[PlyCount "115"]
[EventDate "2011.12.26"]
[EventType "swiss"]
[EventRounds "9"]
[EventCountry "FRA"]
[SourceTitle "CBM 146 Extra"]
[Source "ChessBase"]
[SourceDate "2012.02.29"]
[SourceVersion "1"]
[SourceVersionDate "2012.02.29"]
[SourceQuality "1"]

1. c4 e5 2. Nf3 Nc6 3. Nc3 Nf6 4. g3 Bc5 5. Bg2 0-0 6. 0-0 d6 7. d3 a6 8. Bd2 Re8 9. Qc1 Nd4 10. Re1 c6 11. Bg5 Ne6 12. Bxf6 Qxf6 13. Ne4 Qd8 14. Nxc5 Nxc5 15. b4 Ne6 16. c5 Nd4 17. Nxd4 exd4 18. Qf4 d5 19. Qxd4 Bf5 20. a4 Qe7 21. Bf3 Qe5 22. Qxe5 Rxe5 23. d4 Re7 24. Ra2 Rae8 25. e3 Bg6 26. Rb2 Bf5 27. Ra1 Re6 28. b5 Bd3 29. bxa6 Bxa6 30. Be2 Bxe2 31. Rxe2 Ra8 32. Rb2 Ra7 33. Rb4 Re7 34. Rab1 g6 35. Kf1 Kg7 36. Ra1 Ra5 37. Ke2 h6 38. Kd3 f5 39. Rab1 Ra7 40. Ke2 Kf6 41. Kf3 h5 42. h4 Kf7 43. a5 Kf6 44. Rb6 Kf7 45. Kf4 Kf6 46. Ra1 Re4+ 47. Kf3 Re7 48. a6 bxa6 49. Rxc6+ Re6 50. Rb6 a5 51. Ra4 Ra6 52. Rb5 Rec6 53. Rbxa5 Rxa5 54. Rxa5 Ke7 55. Ra7+ Ke6 56. Rb7 Rc8 57. Rb6+ Kf7 58. Rd6 1-0

[Event "Marseille op 4th"]
[Site "Marseille"]
[Date "2011.12.27"]
[Round "3"]
[White "Roman, Sylvian"]
[Black "Vauchelle, Stephane"]
[Result "1/2-1/2"]
[WhiteElo "1403"]
[BlackElo "1499"]
[PlyCount "44"]
[EventDate "2011.12.26"]
[EventType "swiss"]
[EventRounds "9"]
[EventCountry "FRA"]
[SourceTitle "CBM 146 Extra"]
[Source "ChessBase"]
[SourceDate "2012.02.29"]
[SourceVersion "1"]
[SourceVersionDate "2012.02.29"]
[SourceQuality "1"]

1. e4 e5 2. Nf3 Nc6 3. Bb5 Nf6 4. 0-0 d6 5. Re1 Bd7 6. c3 a6 7. Ba4 b5 8. Bb3 Na5 9. d4 Nxb3 10. Qxb3 Be6 11. Qc2 exd4 12. cxd4 Be7 13. d5 Bg4 14. Nd4 Bd7 15. Nd2 Rc8 16. Nc6 Bxc6 17. Qxc6+ Qd7 18. Qxa6 0-0 19. Qc6 Qxc6 20. dxc6 Ng4 21. Nf3 Ra8 22. h3 Ne5 1/2-1/2

[Event "FRA-ch op-D"]
[Site "Caen"]
[Date "2011.08.24"]
[Round "8"]
[White "Roman, Sylvian"]
[Black "Chaignet, Lucas"]
[Result "1-0"]
[WhiteElo "1406"]
[BlackElo "1319"]
[PlyCount "61"]
[EventDate "2011.08.16"]
[EventType "swiss"]
[EventRounds "9"]
[EventCountry "FRA"]
[SourceTitle "EXT 2012"]
[Source "ChessBase"]
[SourceDate "2011.11.24"]
[SourceVersion "1"]
[SourceVersionDate "2011.11.24"]
[SourceQuality "1"]

1. e4 e5 2. Nf3 Nc6 3. Bb5 Bc5 4. c3 Qf6 5. d3 Nge7 6. 0-0 0-0 7. Re1 d6 8. Bg5 Qg6 9. Qd2 h6 10. Bxe7 Nxe7 11. d4 exd4 12. cxd4 Bb6 13. Nc3 c6 14. Bd3 Bg4 15. e5 Qe6 16. exd6 Qxd6 17. Ne5 Be6 18. Nf3 Rad8 19. Rad1 Bg4 20. Ne4 Qc7 21. Nf6+ Kh8 22. Nxg4 Nd5 23. a3 c5 24. Rc1 Qf4 25. Qxf4 Nxf4 26. Bf1 cxd4 27. Nge5 Rfe8 28. Nxf7+ Kh7 29. Nxd8 Rxd8 30. g3 d3 31. Nd2 1-0